[Event "Mecklenburg VP LL2 Ost 1314"]
[Site "Mecklenburg VP"]
[Date "2014.02.23"]
[Round "6.8"]
[White "Wuttke, Reiner"]
[Black "Hartung, Lothar"]
[Result "0-1"]
[WhiteElo "1511"]
[BlackElo "1798"]
[PlyCount "132"]
[EventDate "2013.10.27"]
[EventType "team-tourn"]
[EventRounds "9"]
[EventCountry "GER"]
[SourceTitle "EXT 2022"]
[Source "ChessBase"]
[SourceDate "2021.10.06"]
[SourceVersion "1"]
[SourceVersionDate "2021.10.06"]
[SourceQuality "1"]
[WhiteTeam "Waren ESV"]
[BlackTeam "Neubrandenburg SV Turbine"]
[WhiteTeamCountry "GER"]
[BlackTeamCountry "GER"]

1. e4 c5 2. Nf3 e6 3. d4 cxd4 4. Nxd4 a6 5. Nc3 Qc7 6. Nb3 b5 7. Be3 Bb7 8. Bd3 Nc6 9. 0-0 Nf6 10. f4 d6 11. f5 Ne5 12. Nd2 Be7 13. Qe2 Rc8 14. Rac1 Nc4 15. Bxc4 bxc4 16. Kh1 0-0 17. Bd4 e5 18. Bg1 d5 19. exd5 Nxd5 20. Nxd5 Bxd5 21. c3 Qb7 22. Nf3 f6 23. Rcd1 Rfd8 24. Rd2 Bxf3 25. Rxf3 Rxd2 26. Qxd2 Rd8 27. Qc2 Qd5 28. Qe2 Bc5 29. Rf1 Bxg1 30. Kxg1 Qd3 31. Qe1 Kf7 32. Rf3 Qd1 33. Qxd1 Rxd1+ 34. Rf1 Rd3 35. Re1 g6 36. g4 gxf5 37. gxf5 Ke7 38. Re4 Rd1+ 39. Kf2 Rd2+ 40. Re2 Rd5 41. b4 cxb3 42. axb3 Kd6 43. b4 Kc6 44. Re3 Rd2+ 45. Kg3 Kb5 46. h3 Kc4 47. Kh4 Rd3 48. Re2 Kxc3 49. Ra2 Rd6 50. Kh5 Kb3 51. Ra1 Kxb4 52. Kh6 a5 53. Kxh7 a4 54. Rb1+ Kc3 55. Rb7 a3 56. Rc7+ Kb2 57. Rb7+ Ka1 58. Kg7 a2 59. Rb4 Rd2 60. Kxf6 Rb2 61. Ra4 Rb5 62. Kg6 Kb2 63. Ra6 a1Q 64. Rxa1 Kxa1 65. f6 e4 66. f7 Rb8 0-1

[Event "Mecklenburg VP LL2 Ost 1213"]
[Site "Mecklenburg VP"]
[Date "2013.03.17"]
[Round "7.8"]
[White "Motullo, Jens"]
[Black "Wuttke, Reiner"]
[Result "1-0"]
[WhiteElo "1616"]
[BlackElo "1534"]
[PlyCount "83"]
[EventDate "2012.10.14"]
[EventType "team-tourn"]
[EventRounds "9"]
[EventCountry "GER"]
[SourceTitle "EXT 2022"]
[Source "ChessBase"]
[SourceDate "2021.10.06"]
[SourceVersion "1"]
[SourceVersionDate "2021.10.06"]
[SourceQuality "1"]
[WhiteTeam "Greifswald II"]
[BlackTeam "Waren ESV"]
[WhiteTeamCountry "GER"]
[BlackTeamCountry "GER"]

1. e4 e5 2. f4 Nc6 3. Nf3 d6 4. Bc4 h6 5. 0-0 Nf6 6. d3 Be7 7. f5 d5 8. exd5 Nxd5 9. g4 0-0 10. a3 Bc5+ 11. Kh1 Ne3 12. Bxe3 Bxe3 13. Nbd2 Na5 14. Ba2 Bf4 15. Ne4 b6 16. Qe2 Bb7 17. Rad1 c5 18. b4 Nc6 19. bxc5 Nd4 20. Qf2 Nxf3 21. Qxf3 Qc7 22. d4 bxc5 23. d5 Rad8 24. c4 Ba6 25. Rb1 Rb8 26. Qf2 Rxb1 27. Rxb1 Rc8 28. h4 Qa5 29. Qf3 Qa4 30. Qc3 Kh7 31. Kg2 Rc7 32. Bb3 Qd7 33. Qa5 Qc8 34. d6 Rc6 35. Ba4 Rxd6 36. Nxd6 Qa8+ 37. Kf2 Bxc4 38. Qxc5 Bd3 39. Bc2 Bxc2 40. Qxc2 Qd8 41. f6+ g6 42. Rb7 1-0

[Event "Mecklenburg VP LL2 Ost 0809"]
[Site "Mecklenburg VP"]
[Date "2009.03.29"]
[Round "9.7"]
[White "Wuttke, Reiner"]
[Black "Modrow, Hartmut"]
[Result "1/2-1/2"]
[WhiteElo "1518"]
[BlackElo "1707"]
[PlyCount "49"]
[EventDate "2008.09.28"]
[EventType "team-tourn"]
[EventRounds "9"]
[EventCountry "GER"]
[SourceTitle "EXT 2022"]
[Source "ChessBase"]
[SourceDate "2021.10.06"]
[SourceVersion "1"]
[SourceVersionDate "2021.10.06"]
[SourceQuality "1"]
[WhiteTeam "Waren ESV"]
[BlackTeam "Rostock SSC 07 III"]
[WhiteTeamCountry "GER"]
[BlackTeamCountry "GER"]

1. e4 g6 2. Nf3 Bg7 3. d4 d6 4. c4 Nd7 5. Nc3 e5 6. d5 Ngf6 7. Be2 0-0 8. 0-0 Nc5 9. Qc2 a5 10. Be3 b6 11. Bxc5 bxc5 12. b3 Nh5 13. Ne1 Nf6 14. h3 Bd7 15. Qd2 Ne8 16. Nf3 Qc8 17. Kh2 f5 18. Ng1 Qd8 19. Bd3 f4 20. f3 g5 21. Nge2 Nf6 22. Rh1 h5 23. Kg1 g4 24. hxg4 hxg4 25. Kf1 1/2-1/2

[Event "Mecklenburg VP LL2 Ost 0809"]
[Site "Mecklenburg VP"]
[Date "2008.12.14"]
[Round "4.8"]
[White "Frank, Volkmar"]
[Black "Wuttke, Reiner"]
[Result "1/2-1/2"]
[WhiteElo "1465"]
[BlackElo "1518"]
[PlyCount "43"]
[EventDate "2008.09.28"]
[EventType "team-tourn"]
[EventRounds "9"]
[EventCountry "GER"]
[SourceTitle "EXT 2022"]
[Source "ChessBase"]
[SourceDate "2021.10.06"]
[SourceVersion "1"]
[SourceVersionDate "2021.10.06"]
[SourceQuality "1"]
[WhiteTeam "Pasewalk"]
[BlackTeam "Waren ESV"]
[WhiteTeamCountry "GER"]
[BlackTeamCountry "GER"]

1. b4 e5 2. Bb2 d6 3. c4 Nf6 4. e3 b6 5. Nf3 Bb7 6. d4 e4 7. Nfd2 d5 8. b5 c6 9. a4 Bb4 10. Ba3 Bxa3 11. Nxa3 0-0 12. Be2 Qd6 13. Qb3 c5 14. Nc2 Nbd7 15. a5 dxc4 16. Nxc4 Qe6 17. Nd2 Bd5 18. Bc4 Bxc4 19. Qxc4 Nd5 20. h3 Rfc8 21. Qb3 N7f6 22. 0-0 1/2-1/2

[Event "Mecklenburg VP LL1 0405"]
[Site "Mecklenburg VP"]
[Date "2004.11.28"]
[Round "3.7"]
[White "Wuttke, Reiner"]
[Black "Schwandowski, Udo"]
[Result "1-0"]
[WhiteElo "1545"]
[BlackElo "1329"]
[PlyCount "65"]
[EventDate "2004.10.24"]
[EventType "team-tourn"]
[EventRounds "9"]
[EventCountry "GER"]
[SourceTitle "EXT 2009"]
[Source "ChessBase"]
[SourceDate "2008.11.26"]
[SourceVersion "1"]
[SourceVersionDate "2008.11.26"]
[SourceQuality "1"]
[WhiteTeam "Waren"]
[BlackTeam "Stralsund II"]
[WhiteTeamCountry "GER"]
[BlackTeamCountry "GER"]

1. e4 c5 2. Nf3 e6 3. d4 cxd4 4. Nxd4 Nc6 5. Nc3 a6 6. Nb3 Nf6 7. Be3 Bb4 8. Bd4 e5 9. Be3 Nxe4 10. Qd3 Nxc3 11. bxc3 Be7 12. Be2 d6 13. 0-0 h6 14. f4 Bf6 15. Rad1 Be7 16. Bf3 0-0 17. Bxc6 bxc6 18. fxe5 dxe5 19. Qe4 Qc7 20. Rf3 Be6 21. Rg3 f5 22. Qf3 f4 23. Bxf4 Rxf4 24. Qh5 Bg5 25. Re1 Bf7 26. Qe2 Bh4 27. Rxg7+ Kxg7 28. g3 Bxb3 29. axb3 Qb6+ 30. Kg2 Bxg3 31. Qxe5+ Kf8 32. hxg3 Qf2+ 33. Kh3 1-0